Colors of Joseph's Dreamcoat Quiz Stats

 Plays Quiz Updated Feb 16, 2019

     
Support Sporcle.
Go Orange.
Score 0/29 Timer 03:00
0 Plays Today
% Correct
Red
99.3%
Green
98.2%
Yellow
98.1%
Blue
97.8%
Orange
94.4%
Purple
91%
Black
90.8%
White
83.3%
Pink
83%
Brown
82.1%
Violet
75.8%
Gold
67.7%
Grey
65.3%
Silver
65.3%
Peach
44.5%
% Correct
Scarlet
43%
Mauve
40.3%
Crimson
38.9%
Ruby
38.1%
Cream
36.7%
Ochre
36.2%
Olive
34.4%
Lilac
30.9%
Rose
30.5%
Lemon
29.4%
Chocolate
27.2%
Fawn
25.7%
Azure
25%
Russet
24.1%

From the Vault

Beyoncé Albums

by ferrisbueller

Music 3m
Beyoncé surprised everyone yesterday with a brand new album. She's pretty much the best ever.
Remove Ads.
Support Sporcle.
Get the best of Sporcle when you Go Orange. This ad-free experience offers more features, more stats, and more fun while also helping to support Sporcle. Thank you for becoming a member.

Show Comments

Extras

Top Quizzes Today


Score Distribution

Your Account Isn't Verified!

In order to create a playlist on Sporcle, you need to verify the email address you used during registration. Go to your Sporcle Settings to finish the process.

Report this User

Report this user for behavior that violates our Community Guidelines.

Details: